[Event "Just for fun"]
[Site "SchemingMind.com"]
[Date "2010.08.17"]
[Round "-"]
[White "crespov"]
[Black "juditfan"]
[Result "1/2-1/2"]
[WhiteCountry "CHI"]
[BlackCountry "ITA"]
[WhiteElo "1694"]
[WhiteRD "66"]
[BlackElo "1639"]
[BlackRD "78"]
[GameID "257813"]

1. c4 e6 2. d4 d5 3. e3 dxc4 4. Bxc4 Nf6 5. Nf3 c5 6. O-O Nc6 7. Bb5 Bd7 8. Nc3 cxd4 9. Nxd4 Nxd4 10. exd4 a6
11. Be2 Be7 12. Bf4 Bc6 13. h3 O-O 14. a3 Nd5 15. Bg3 Rc8 16. Nxd5 Bxd5 17. Be5 Bd6 18. f4 f6 19. Bxd6 Qxd6 20. Rc1 Qb6
21. Qd2 Rfd8 22. Rxc8 Rxc8 23. b4=
1/2-1/2

[Event "Just for fun"]
[Site "SchemingMind.com"]
[Date "2010.08.17"]
[Round "-"]
[White "crespov"]
[Black "zogger"]
[Result "0-1"]
[WhiteCountry "CHI"]
[BlackCountry "GER"]
[WhiteElo "1694"]
[WhiteRD "66"]
[BlackElo "2087"]
[BlackRD "66"]
[GameID "257814"]

1. c4 Nf6 2. Nc3 g6 3. g3 Bg7 4. Bg2 O-O 5. e4 d6 6. Nge2 e5 7. O-O Nc6 8. d3 Be6 9. Rb1 a5 10. f4 Qd7
11. a3 Bg4 12. Bf3 exf4 13. Bxf4 Bxf3 14. Rxf3 Nh5 15. Be3 Ne5 16. Rf1 f5 17. b4 fxe4 18. Nxe4 Rxf1+ 19. Qxf1 Nxd3 20. b5 Qe6
21. Qf3 Re8 22. g4 Qxe4 23. Qxe4 Rxe4 24. Nc1 Rxe3 25. Rb3 Re1+ 26. Kg2 Nhf4+ 27. Kf3 Rxc1
0-1

[Event "Just for fun"]
[Site "SchemingMind.com"]
[Date "2010.08.16"]
[Round "-"]
[White "keen"]
[Black "crespov"]
[Result "1-0"]
[WhiteCountry "SCO"]
[BlackCountry "CHI"]
[WhiteElo "1667"]
[WhiteRD "57"]
[BlackElo "1694"]
[BlackRD "66"]
[GameID "257815"]

1. e4 c6 2. d4 d5 3. Nc3 e6 4. Bd3 c5 5. Nf3 Nf6 6. e5 Nfd7 7. O-O Nc6 8. Be3 f6 9. a3 Be7 10. Re1 O-O
11. exf6 Rxf6 12. Bg5 Rf8 13. Bxe7 Nxe7 14. Ng5 g6 15. Nxe6 Qe8 16. Nxf8 Qxf8 17. dxc5 Nxc5 18. Nxd5 Nxd5 19. Bc4
1-0

[Event "Just for fun"]
[Site "SchemingMind.com"]
[Date "2010.08.16"]
[Round "-"]
[White "APB"]
[Black "crespov"]
[Result "0-1"]
[WhiteCountry "ENG"]
[BlackCountry "CHI"]
[WhiteElo "1595"]
[WhiteRD "60"]
[BlackElo "1694"]
[BlackRD "66"]
[GameID "257816"]

1. e4 Nc6 2. d4 e6 3. Nf3 d5 4. e5 Nge7 5. Bb5 Bd7 6. Nc3 Ng6 7. g3 Be7 8. h4 O-O 9. Bg5 f6 10. exf6 Bxf6
11. O-O h6 12. Be3 Nge7 13. g4 a6 14. Bxc6 Bxc6 15. g5 hxg5 16. hxg5 Nf5 17. Bf4 Be7 18. Qe2 Bd7 19. g6 Nh4 20. Ng5 Bxg5
21. Qh5 Rxf4 22. Qh7+= Kf8 23. Qh8+ Ke7 24. Qxg7+= Kd6 25. Qe5+ Kc6 26. Qe2 Qh8
0-1

[Event "Just for fun"]
[Site "SchemingMind.com"]
[Date "2010.08.17"]
[Round "-"]
[White "calidore"]
[Black "crespov"]
[Result "0-1"]
[WhiteCountry "ISR"]
[BlackCountry "CHI"]
[WhiteElo "1598"]
[WhiteRD "73"]
[BlackElo "1694"]
[BlackRD "66"]
[GameID "257817"]

1. e4 c5 2. c3 Nc6 3. d4 e6 4. Nf3 d5 5. e5 f6 6. Be3 Bd7 7. Bd3 Qb6 8. Qe2 Nge7 9. O-O Ng6 10. exf6 gxf6
11. dxc5 Bxc5 12. Bxc5 Qxc5 13. b4 Qe7 14. Nbd2 Rg8 15. Rfe1 e5 16. Bc2 Qg7 17. Qf1 e4 18. b5 Nce5 19. Nxe5 Nxe5 20. a4 Bh3
21. c4 Bxg2
0-1

[Event "Just for fun"]
[Site "SchemingMind.com"]
[Date "2010.08.21"]
[Round "-"]
[White "jankep"]
[Black "crespov"]
[Result "1-0"]
[WhiteCountry "POL"]
[BlackCountry "CHI"]
[WhiteElo "1982"]
[WhiteRD "69"]
[BlackElo "1673"]
[BlackRD "70"]
[GameID "257819"]

1. d4 d5 2. c4 Nf6 3. Nf3 e6 4. e3 Nc6 5. Be2 Be7 6. O-O O-O 7. b3 a6 8. a4 b6 9. Ba3 Re8 10. Bxe7 Qxe7
11. Nbd2 Bb7 12. Re1 Nb4 13. a5 h6 14. Qb1 Nd7 15. h3 c5 16. axb6 Nxb6 17. Ne5 Rac8 18. cxd5 exd5 19. Bg4 Rc7 20. Nd3 Nxd3
21. Qxd3 c4 22. bxc4 Nxc4 23. Rec1 Nb2 24. Qb3 Nc4 25. Nxc4 dxc4 26. Rxc4 Rxc4 27. Qxc4 Ra8 28. d5 Qd6 29. e4 Qe5 30. Rb1 Qe7
31. e5 Rd8 32. d6 Qxe5 33. Rxb7 Qe1+ 34. Kh2 Qe5+ 35. f4 Qxd6 36. Qxf7+
1-0

[Event "Just for fun"]
[Site "SchemingMind.com"]
[Date "2010.08.16"]
[Round "-"]
[White "nammy"]
[Black "crespov"]
[Result "0-1"]
[WhiteCountry "ENG"]
[BlackCountry "CHI"]
[WhiteElo "837"]
[WhiteRD "55"]
[BlackElo "1689"]
[BlackRD "68"]
[GameID "257820"]

1. e4 e5 2. Nf3 Nc6 3. Nc3 Nf6 4. Bc4 h6 5. d3 Be7 6. O-O O-O 7. Be3 d6 8. Nd2 Nd7 9. Nf3 Nb6 10. Bb3 Na5
11. Ne2 Nxb3 12. axb3 Bg4 13. h3 Bxf3 14. gxf3 f5 15. exf5 Rxf5 16. Ng3 Rf7 17. c3 Qd7 18. Nh5 Qxh3 19. f4 exf4 20. Nxf4 Qf5
21. Ne2 Bh4 22. Qe1 Rf6 23. Qd1 Raf8 24. Rxa7 Rg6+ 25. Ng3 Bxg3 26. f3 Qh3 27. Rxb7 Qh2#
0-1

[Event "Just for fun"]
[Site "SchemingMind.com"]
[Date "2010.08.21"]
[Round "-"]
[White "emvarela"]
[Black "crespov"]
[Result "1-0"]
[WhiteCountry "ARG"]
[BlackCountry "CHI"]
[WhiteElo "1783"]
[WhiteRD "56"]
[BlackElo "1653"]
[BlackRD "85"]
[GameID "257821"]

1. c4 e5 2. Nc3 g6 3. b3 Bg7 4. Bb2 c5 5. e4 Nf6 6. Nf3 d6 7. Be2 Nc6 8. O-O O-O 9. d3 a6 10. h3 Nh5
11. Nd5 f5 12. exf5 Bxf5 13. Ne3 Bd7 14. g4 Nf4 15. Kh2 Nd4 16. Nxd4 cxd4 17. Ng2 Ne6 18. Bf3 Rb8 19. Bd5 Kh8 20. Bxe6 Bxe6
21. Qe2 Bd7 22. b4 b5 23. cxb5 axb5 24. Bc1 Bc6 25. f4 exf4 26. Bxf4 Ra8 27. Qd2 Re8 28. Bg5 Qc7 29. Bf6 Qb7 30. Bxg7+ Kxg7
31. Rf2 Rf8 32. Nf4 Rae8 33. Raf1 Qe7 34. Ne6+ Qxe6 35. Rxf8 Rxf8 36. Rxf8 Kxf8 37. Qf4+ Kg8 38. Qxd4
1-0

[Event "Just for fun"]
[Site "SchemingMind.com"]
[Date "2010.08.16"]
[Round "-"]
[White "juditfan"]
[Black "crespov"]
[Result "1-0"]
[WhiteCountry "ITA"]
[BlackCountry "CHI"]
[WhiteElo "1637"]
[WhiteRD "75"]
[BlackElo "1673"]
[BlackRD "70"]
[GameID "257822"]

1. e4 e5 2. Nf3 Nc6 3. Bb5 d6 4. d4 exd4 5. Bxc6+ bxc6 6. Nxd4 Bb7 7. O-O Nf6 8. f3 Be7 9. Nf5 O-O 10. Nc3 Re8
11. Nxe7+ Rxe7 12. Bg5 Re6 13. Ne2 Qc8 14. Nd4 Re8 15. Bxf6 gxf6 16. Nf5 Rb8 17. Qd2 Re5 18. Qh6 Rxf5 19. exf5 Qxf5 20. Rae1 c5
21. Re7 Bd5 22. Rxc7 Qxc2 23. Qxf6 Be6 24. Re1 Qf5 25. Rxf7 Qxf6 26. Rxf6 Bxa2 27. Rxd6 Rf8 28. Re7 Bb1 29. Rxa7 c4 30. Rc7 Bd3
31. b3 Re8 32. bxc4 Bb1 33. Rdc6 Bg6 34. Rc8 Rxc8 35. Rxc8+ Kg7 36. Rd8 Kf6 37. c5 Ke7 38. Rd2 Bf5 39. c6 Bc8 40. Kf2 h5
41. g3 Ke8 42. c7 Ke7 43. Rd8 Bd7 44. c8=Q Bxc8 45. Rxc8 h4 46. f4 hxg3+ 47. hxg3 Kd7 48. Rc3 Ke6 49. g4 Kf6 50. Rc6+ Kg7
51. f5 Kf7 52. g5 Kg7 53. Rc7+ Kg8 54. f6 Kh8 55. g6
1-0

[Event "Just for fun"]
[Site "SchemingMind.com"]
[Date "2010.08.16"]
[Round "-"]
[White "zogger"]
[Black "crespov"]
[Result "1-0"]
[WhiteCountry "GER"]
[BlackCountry "CHI"]
[WhiteElo "2098"]
[WhiteRD "66"]
[BlackElo "1689"]
[BlackRD "68"]
[GameID "257823"]

1. Nf3 d5 2. g3 Nc6 3. Bg2 e5 4. d3 Nf6 5. Nbd2 Bc5 6. O-O O-O 7. e4 d4 8. Nc4 Re8 9. c3 Bg4 10. h3 Bh5
11. g4 Bg6 12. Nh4 b5 13. cxd4 Bxd4 14. Ne3 Rb8 15. Nhf5 h6 16. Nxd4 Nxd4 17. Nc2 c5 18. Nxd4 cxd4 19. f4 Nd7 20. f5 Bh7
21. Bd2 Nc5 22. Rf3 a5 23. Rc1 Rc8 24. f6 g6 25. Bxh6 Re6 26. h4 Rxf6 27. Bg5
1-0